Countering terrorism and WMD (Record no. 967674)

MARC details
000 -LEADER
fixed length control field 00954nam a2200277Ia 4500
003 - CONTROL NUMBER IDENTIFIER
control field OSt
005 - DATE AND TIME OF LATEST TRANSACTION
control field 20221005061055.0
008 - FIXED-LENGTH DATA ELEMENTS--GENERAL INFORMATION
fixed length control field 221004b |||||||| |||| 00| 0 eng d
020 ## - INTERNATIONAL STANDARD BOOK NUMBER
International Standard Book Number 9780415384995 (pbk)
037 ## - SOURCE OF ACQUISITION
Terms of availability Textual
040 ## - CATALOGING SOURCE
Original cataloging agency CRL
Transcribing agency CRL
Language of cataloging eng
041 ## - LANGUAGE CODE
Source of code eng
Language code of text/sound track or separate title eng
100 ## - MAIN ENTRY--PERSONAL NAME
Personal name Katona Peter Ed.
9 (RLIN) 600186
245 #0 - TITLE STATEMENT
Title Countering terrorism and WMD
Remainder of title creating a global counter - terrorism network
260 ## - PUBLICATION, DISTRIBUTION, ETC.
Place of publication, distribution, etc. London
Name of publisher, distributor, etc. Routledge UK
Date of publication, distribution, etc. 2006
300 ## - PHYSICAL DESCRIPTION
Extent xxv, 300p.
Dimensions cm.
650 ## - SUBJECT ADDED ENTRY--TOPICAL TERM
Topical term or geographic name entry element SOCIOLOGY
700 ## - ADDED ENTRY--PERSONAL NAME
Personal name Intriligator Michael D. Ed.
700 ## - ADDED ENTRY--PERSONAL NAME
Personal name Sullivan John P. Ed.
9 (RLIN) 600187
942 ## - ADDED ENTRY ELEMENTS (KOHA)
Classification part Y:45:5(V1:19(zQ)), P6
Koha item type Textual
Source of classification or shelving scheme
Holdings
Withdrawn status Lost status Damaged status Not for loan Home library Current library Date acquired Source of acquisition Cost, normal purchase price Total Checkouts Full call number Barcode Date last seen Cost, replacement price Price effective from Koha item type
        Central Library Central Library 2022-10-05 9137, 28/03/2007, Overseas Press 1968.17   Y:45:5(V1:19(zQ)) P6 CL1383667 2022-10-05 1968.17 2022-10-05 Textual
Copyright @ Delhi University Library System